Effective helping : (Record no. 34790)

MARC details
000 -LEADER
fixed length control field 00699nam a2200229 i 4500
001 - CONTROL NUMBER
control field 3178762
005 - DATE AND TIME OF LATEST TRANSACTION
control field 20250826115229.0
008 - FIXED-LENGTH DATA ELEMENTS--GENERAL INFORMATION
fixed length control field 761101s1976 maua b 001 0 eng
010 ## - LIBRARY OF CONGRESS CONTROL NUMBER
LC control number 76009916
020 ## - INTERNATIONAL STANDARD BOOK NUMBER
International Standard Book Number 0878721193
040 ## - CATALOGING SOURCE
Original cataloging agency DLC
Transcribing agency DLC
Modifying agency DLC
050 00 - LIBRARY OF CONGRESS CALL NUMBER
Classification number BF637.C6
Item number O58 1976
100 1# - MAIN ENTRY--PERSONAL NAME
Personal name Okun, Barbara F.
245 10 - TITLE STATEMENT
Title Effective helping :
Remainder of title interviewing and counseling techniques
260 ## - PUBLICATION, DISTRIBUTION, ETC. (IMPRINT)
Place of publication, distribution, etc North Scituate, Mass. :
Name of publisher, distributor, etc Duxbury Press,
Date of publication, distribution, etc c1976.
300 ## - PHYSICAL DESCRIPTION
Extent 229 p. :
Other physical details ill. ;
Dimensions 24 cm.
504 ## - BIBLIOGRAPHY, ETC. NOTE
Bibliography, etc Includes bibliographical references and index.
650 #0 - SUBJECT ADDED ENTRY--TOPICAL TERM
Topical term or geographic name as entry element Counseling.
650 #0 - SUBJECT ADDED ENTRY--TOPICAL TERM
Topical term or geographic name as entry element Helping behavior.
906 ## - LOCAL DATA ELEMENT F, LDF (RLIN)
a 7
b cbc
c orignew
d 2
e ocip
f 19
g y-gencatlg
942 ## - ADDED ENTRY ELEMENTS (KOHA)
Source of classification or shelving scheme Library of Congress Classification
Item type Book
Holdings
Withdrawn status Lost status Source of classification or shelving scheme Damaged status Not for loan Collection code Home library Current library Shelving location Date acquired Total Checkouts Full call number Barcode Date last borrowed Copy number Price effective from Koha item type
    Library of Congress Classification     Non-fiction Bishop Okullu Memorial Library (Limuru Campus) Bishop Okullu Memorial Library (Limuru Campus) General Circulation 18/05/2009 18 BF637.C6 O58 1976 006406 14/10/2019 1 18/05/2009 Book